00286 a2200109 4500001000700000020000600007040001100013100004800024240005000072245004500122362000900167164993 a  cMagnum aAndre, Marli Eliza Dalmazo Afonso de Et Al.10aPedagogia das diferencas na sala de aulalpor10aPedagogia das diferencas na sala de aula0 a1899